Score 0/100 Timer 20:00
0 Plays Today
# Movie % Correct
2.Psycho
91.1%
6.The Shining
90.4%
29.Halloween
88.5%
15.The Exorcist
86.2%
4.Carrie
85.1%
23.Alien
83.3%
3.Rosemary's Baby
82.2%
8.Night of the Living Dead
81.4%
10.The Fly
79.7%
1.The Texas Chainsaw Massacre
78.8%
9.The Thing
77.9%
39.Frankenstein
75.6%
24.The Birds
75.3%
27.Dawn of the Dead
74.8%
33.Jaws
74.4%
30.The Evil Dead
73.4%
72.The Silence of the Lambs
72.4%
26.Nosferatu the Vampyre
68.7%
16.Nosferatu
68.7%
60.M
68%
42.Evil Dead II
63.9%
46.Poltergeist
62.7%
61.Day of the Dead
60.4%
5.Suspiria
58.3%
71.Hellraiser
56.7%
93.Invasion of the Body Snatchers
56.6%
49.Invasion of the Body Snatchers
56.6%
32.The Bride of Frankenstein
55.5%
59.An American Werewolf in London
54.9%
7.Freaks
53.1%
53.The Last House on the Left
51.5%
69.Blue Velvet
49.7%
12.Videodrome
49.2%
99.House
49.1%
# Movie % Correct
64.Eraserhead
49.1%
22.Audition
48.4%
90.The Blair Witch Project
47.2%
11.Don't Look Now
47%
76.What Ever Happened to Baby Jane?
45.4%
45.The Night of the Hunter
44.9%
25.The Wicker Man
44.7%
91.The Fog
42.9%
80.They Live
42.4%
20.Peeping Tom
40.6%
81.Deliverance
40.4%
14.Repulsion
39.9%
52.The Cabinet of Dr. Caligari
38.4%
58.Black Christmas
38.2%
68.Cat People
37.4%
77.Zombie
36.7%
63.Halloween II
36.5%
13.Vampyr
35.9%
94.The Howling
35.3%
28.Twin Peaks: Fire Walk with Me
35.3%
47.Henry: Portrait of a Serial Killer
34.6%
56.Dead Ringers
34%
40.Re-Animator
33.7%
19.Deep Red
32.6%
73.Near Dark
32.4%
70.The Changeling
32.2%
36.The Tenant
30.6%
79.The Innocents
30.5%
17.Eyes Without a Face
30.3%
31.The Brood
30.1%
62.Black Sunday
28.8%
84.Martin
26.7%
89.In the Mouth of the Madness
26.1%
37.Dressed to Kill
25.3%
# Movie % Correct
51.Carnival of Souls
24.7%
78.The Beyond
24.6%
82.Irréversible
24.4%
54.Maniac
23.1%
21.Possession
23.1%
34.I Walked with a Zombie
22.8%
88.The Vanishing
22.5%
66.Martyrs
22.4%
65.The Hitcher
22.3%
85.Opera
21.3%
44.Tenebre
21.1%
41.Inland Empire
20.4%
50.Onibaba
20.3%
98.The Masque of the Red Death
20.1%
97.Alice, Sweet Alice
19.8%
18.Pulse
19.1%
83.Wolf Creek
18.3%
38.Deathdream
18.2%
74.Witchfinder General
17.9%
57.Santa Sangre
16.6%
48.The Fall of the House of Usher
15.1%
95.The Phantom Carriage
14.7%
35.God Told Me To
14.3%
100.À l'intérieur
13.9%
55.Kill, Baby... Kill!
13.8%
96.Sleepaway Camp
12.1%
86.The Leopard Man
11.7%
87.The Seventh Victim
11.2%
67.Kuroneko
10.3%
92.The Addiction
9%
75.Trouble Every Day
8.5%
43.A Page of Madness
6.8%
Remove Ads.
Support Sporcle.
Get the best of Sporcle when you Go Orange. This ad-free experience offers more features, more stats, and more fun while also helping to support Sporcle. Thank you for becoming a member.

You're not logged in!

Compare scores with friends on all Sporcle quizzes.
OR
Log In

Show Comments

Extras

Top Quizzes Today


Score Distribution

Your Account Isn't Verified!

In order to create a playlist on Sporcle, you need to verify the email address you used during registration. Go to your Sporcle Settings to finish the process.

Report this User

Report this user for behavior that violates our Community Guidelines.

Details: